000 00309nam a2200133Ia 4500
008 190216s9999||||xx |||||||||||||| ||und||
100 _aSharon P. Podlin
245 0 _aVisual Basic-5
250 _a1st Ed.
260 _bGalgotia Publication Pvt Ltf
_c1998
300 _a443
650 _aComputer
942 _cBK
999 _c8592
_d8592